London view management framework (Record no. 109706)

MARC details
000 -LEADER
fixed length control field 01547cad a22002895a 4500
001 - CONTROL NUMBER
control field L147724
008 - FIXED-LENGTH DATA ELEMENTS--GENERAL INFORMATION
fixed length control field 090609s2009 xxkbdeof f000 0 eng d
020 ## - INTERNATIONAL STANDARD BOOK NUMBER
International Standard Book Number 9781847812636
035 ## - SYSTEM CONTROL NUMBER
System control number (Sirsi) u147724
041 0# - LANGUAGE CODE
Language code of text/sound track or separate title eng
050 04 - LIBRARY OF CONGRESS CALL NUMBER
Classification number 711.309421 $2 18
110 1# - MAIN ENTRY--CORPORATE NAME
Corporate name or jurisdiction name as entry element London
Subordinate unit Greater London Authority
-- Mayor of London
9 (RLIN) 4869
245 00 - TITLE STATEMENT
Title London view management framework
Remainder of title draft revised supplementary planning guidance, the London Plan (Spatial Development Strategy for Greater London)
Medium [electronic resource]
260 ## - PUBLICATION, DISTRIBUTION, ETC.
Place of publication, distribution, etc. London
Name of publisher, distributor, etc. GLA
Date of publication, distribution, etc. 2009
505 2# - FORMATTED CONTENTS NOTE
Formatted contents note Foreword -- Introduction -- Conformity with local policies -- Assessment process and consultation -- View management -- Visual management guidance -- Appendices
520 ## - SUMMARY, ETC.
Summary, etc. Consultation document highlights and seeks views on the Mayor's strategy for protecting London's heritage, particularly panoramas, rivers and townscape views, from the impacts of development.
520 ## - SUMMARY, ETC.
Summary, etc. Deadline for comments is Friday 4 September 2009.
520 ## - SUMMARY, ETC.
Summary, etc. Supersedes the 2007 London View Management Framework ISBN 9781847810571 (L139301).
521 ## - TARGET AUDIENCE NOTE
Target audience note Advanced
590 ## - LOCAL NOTE (RLIN)
Local note KA NTK
650 24 - SUBJECT ADDED ENTRY--TOPICAL TERM
Topical term or geographic name entry element LONDON VIEW MANAGEMENT FRAMEWORK
650 24 - SUBJECT ADDED ENTRY--TOPICAL TERM
Topical term or geographic name entry element SPATIAL DEVELOPMENT STRATEGY
651 #4 - SUBJECT ADDED ENTRY--GEOGRAPHIC NAME
Geographic name London (Greater London Authority)
-- 2000-
9 (RLIN) 3989
690 ## - LOCAL SUBJECT ADDED ENTRY--TOPICAL TERM (OCLC, RLIN)
Topical term or geographic name as entry element ENVIRONMENTAL AND LAND CONSULTANCY-PLANNING AND DEVELOPMENT-STRATEGIC PLANNING
856 40 - ELECTRONIC LOCATION AND ACCESS
Uniform Resource Identifier <a href="https://www.london.gov.uk/mayor/strategies/sds/spg-views-2009-draft.jsp">https://www.london.gov.uk/mayor/strategies/sds/spg-views-2009-draft.jsp</a>
Public note View the item free of charge at www.london.gov.uk...
942 ## - ADDED ENTRY ELEMENTS (KOHA)
Suppress in OPAC 0
Holdings
Withdrawn status Lost status Source of classification or shelving scheme Damaged status Not for loan Home library Current library Shelving location Date acquired Total Checkouts Full call number Barcode Date last seen Copy number Price effective from Koha item type
    Dewey Decimal Classification     Virtual Virtual Online 09/06/2009   ONLINE PUBLICATION 147724-2001 06/08/2019 1 06/08/2019 Book